[Event "TUR-ch U13/18 Girls"]
[Site "Antalya"]
[Date "2023.01.24"]
[Round "5"]
[White "Aksoy, Duru"]
[Black "Mutlu, Julide Aysu"]
[Result "0-1"]
[WhiteElo "1420"]
[BlackElo "1347"]
[PlyCount "140"]
[EventDate "2023.01.17"]
[EventType "swiss"]
[EventRounds "9"]
[EventCountry "TUR"]
[SourceTitle "EXT 2024"]
[Source "ChessBase"]
[SourceDate "2023.10.10"]
[SourceVersion "1"]
[SourceVersionDate "2023.10.10"]
[SourceQuality "1"]

1. e4 c5 2. Nf3 e6 3. c3 Nf6 4. e5 Nd5 5. Bc4 d6 6. exd6 Bxd6 7. 0-0 0-0 8. d4 cxd4 9. cxd4 Nd7 10. Bxd5 exd5 11. Nc3 Nb6 12. h3 a6 13. a4 Bc7 14. Re1 Nc4 15. b3 Ba5 16. bxc4 Bxc3 17. Ba3 Bxe1 18. Bxf8 Bxf2+ 19. Kxf2 Kxf8 20. Rc1 dxc4 21. Rxc4 Be6 22. Rc5 Bd5 23. Qd3 g6 24. Qe3 Bxf3 25. gxf3 Qh4+ 26. Kg2 Re8 27. Qd2 Rd8 28. d5 Qxa4 29. Rc7 Qb3 30. d6 Qe6 31. Qc3 Kg8 32. d7 Qd6 33. Rxb7 Rxd7 34. Rxd7 Qxd7 35. Qa5 Qd3 36. Qb4 Kg7 37. Qb2+ Kh6 38. Qc1+ g5 39. Qc7 Qe2+ 40. Kg3 Qe1+ 41. Kg2 Qd2+ 42. Kg1 Qf4 43. Qc6+ Kg7 44. Qc3+ Qf6 45. Qc5 h6 46. Kg2 Qa1 47. Qf5 Qa2+ 48. Kg1 Qa1+ 49. Kg2 Qf6 50. Qg4 a5 51. h4 Qf4 52. Qc8 Qd2+ 53. Kg1 gxh4 54. Kf1 Qg5 55. Qc3+ Kh7 56. Qc4 Qf6 57. Qe4+ Qg6 58. Qxh4 Qd3+ 59. Kg2 Qe2+ 60. Kg1 Qxf3 61. Qa4 Qf5 62. Kg2 h5 63. Kh2 Qf2+ 64. Kh1 Qf1+ 65. Kh2 Qe2+ 66. Kh1 Qf3+ 67. Kh2 Qf5 68. Qe8 h4 69. Kh1 Qf3+ 70. Kg1 h3 0-1

[Event "EU-chT U12 Girls"]
[Site "Thessaloniki"]
[Date "2022.07.18"]
[Round "7.2"]
[White "Biro, Beata"]
[Black "Mutlu, Julide Aysu"]
[Result "1-0"]
[WhiteElo "1551"]
[BlackElo "1228"]
[PlyCount "121"]
[EventDate "2022.07.12"]
[EventType "team-tourn"]
[EventRounds "7"]
[EventCountry "GRE"]
[SourceTitle "EXT 2023"]
[Source "ChessBase"]
[SourceDate "2022.10.05"]
[SourceVersion "1"]
[SourceVersionDate "2022.10.05"]
[SourceQuality "1"]
[WhiteTeam "Hungary U12"]
[BlackTeam "Turkey U12"]
[WhiteTeamCountry "HUN"]
[BlackTeamCountry "TUR"]

1. d4 Nf6 2. e3 g6 3. c3 Bg7 4. Bd3 d5 5. f4 c5 6. Nf3 Nc6 7. 0-0 0-0 8. Nbd2 cxd4 9. exd4 Qc7 10. Ne5 Nd7 11. Ndf3 f6 12. Nxc6 bxc6 13. f5 gxf5 14. Bxf5 Nb6 15. Bc2 e5 16. dxe5 fxe5 17. Ng5 Rxf1+ 18. Qxf1 e4 19. Bf4 Qe7 20. Re1 Bf5 21. Qe2 h6 22. Nh3 Bxh3 23. gxh3 Qh4 24. Be3 Qxh3 25. Kh1 Rf8 26. Rg1 Qf3+ 27. Qxf3 Rxf3 28. Bxh6 Rf7 29. b3 Kh7 30. Bd2 Be5 31. a4 Rf3 32. c4 Bc3 33. Bc1 Rf2 34. Rg2 Rf1+ 35. Rg1 Rxg1+ 36. Kxg1 Kg6 37. Kf2 Kf5 38. cxd5 cxd5 39. Kg3 d4 40. Bd1 Nd5 41. Kf2 e3+ 42. Kf3 Be1 43. Bc2+ Ke5 44. Bd3 Bf2 45. Be2 Nf4 46. Bc4 Ng6 47. b4 Nh4+ 48. Ke2 Ng2 49. b5 Bh4 50. a5 Kd6 51. Ba3+ Kc7 52. Bc5 Be1 53. b6+ axb6 54. axb6+ Kb8 55. Kf1 d3 56. Bxd3 Nf4 57. Bd6+ Kb7 58. Bxf4 Bd2 59. Bc7 Bc1 60. Be4+ Kc8 61. Be5 1-0

[Event "EU-chT U12 Girls"]
[Site "Thessaloniki"]
[Date "2022.07.15"]
[Round "4.2"]
[White "Badica, Ariana"]
[Black "Mutlu, Julide Aysu"]
[Result "0-1"]
[WhiteElo "1527"]
[BlackElo "1228"]
[PlyCount "62"]
[EventDate "2022.07.12"]
[EventType "team-tourn"]
[EventRounds "7"]
[EventCountry "GRE"]
[SourceTitle "EXT 2023"]
[Source "ChessBase"]
[SourceDate "2022.10.05"]
[SourceVersion "1"]
[SourceVersionDate "2022.10.05"]
[SourceQuality "1"]
[WhiteTeam "Romania U12"]
[BlackTeam "Turkey U12"]
[WhiteTeamCountry "ROU"]
[BlackTeamCountry "TUR"]

1. e4 c5 2. Nc3 e6 3. g3 d5 4. exd5 exd5 5. Bg2 Nf6 6. Nge2 Be7 7. 0-0 0-0 8. Nf4 d4 9. Ne4 Nc6 10. d3 Bf5 11. Re1 Re8 12. Nxf6+ Bxf6 13. Nd5 Be5 14. Bf4 Qd7 15. Qd2 Rac8 16. Bxe5 Nxe5 17. Qg5 Ng6 18. h4 h6 19. Qd2 Ne5 20. Re2 Bg4 21. Ree1 Nf3+ 22. Bxf3 Bxf3 23. Nf4 g5 24. hxg5 hxg5 25. Nh5 Bxh5 26. Qxg5+ Bg6 27. Kg2 Qf5 28. Qh4 Bh5 29. Kg1 Bf3 30. Rf1 Kg7 31. Qf4 Qxf4 0-1

[Event "EU-ch Schools U11 Girls"]
[Site "Tornelo INT"]
[Date "2021.12.10"]
[Round "1"]
[White "Biro, Beata"]
[Black "Mutlu, Julide Aysu"]
[Result "1-0"]
[WhiteElo "1428"]
[BlackElo "1093"]
[PlyCount "167"]
[EventDate "2021.12.03"]
[EventType "swiss (rapid)"]
[EventRounds "7"]
[EventCountry "NET"]
[SourceTitle "EXT 2023"]
[Source "ChessBase"]
[SourceDate "2022.10.05"]
[SourceVersion "1"]
[SourceVersionDate "2022.10.05"]
[SourceQuality "1"]

1. e4 c5 2. Nc3 e6 3. f4 Nc6 4. Bb5 a6 5. Bxc6 bxc6 6. Nf3 d5 7. e5 Ne7 8. d3 Ng6 9. 0-0 Be7 10. Qe1 0-0 11. Bd2 Rb8 12. b3 f6 13. Qg3 Qc7 14. Rae1 fxe5 15. fxe5 Bd7 16. a4 a5 17. Ne2 Rf7 18. Nf4 Nxf4 19. Bxf4 Rbf8 20. Bg5 Qb6 21. Kh1 Bxg5 22. Qxg5 Qb4 23. Qe3 Bc8 24. Qe2 Qg4 25. h3 Qh5 26. Qe3 d4 27. Qd2 Ra7 28. Qg5 Qxg5 29. Nxg5 Rxf1+ 30. Rxf1 h6 31. Ne4 c4 32. dxc4 Bb7 33. Nc5 Bc8 34. Rf4 Rf7 35. Rxd4 Kh7 36. Rd8 Bb7 37. Nxe6 Rf1+ 38. Kh2 Rf2 39. Rd7 Bc8 40. Rxg7+ Kh8 41. Rg6 Bxe6 42. Rxe6 Rxc2 43. Rxh6+ Kg7 44. Rxc6 Re2 45. e6 Kf8 46. Ra6 Ke8 47. Rxa5 Rxe6 48. Ra8+ Ke7 49. Ra7+ Kf6 50. Rh7 Kg6 51. Rd7 Rb6 52. Rd3 Kf5 53. g4+ Ke4 54. Rg3 Rd6 55. Kh1 Rd1+ 56. Rg1 Rd3 57. Re1+ Kd4 58. Kg2 Rxb3 59. Rd1+ Kxc4 60. a5 Rb2+ 61. Kg3 Ra2 62. h4 Ra3+ 63. Kf4 Rxa5 64. Re1 Ra2 65. Re4+ Kd5 66. Re5+ Kd6 67. Re3 Ra4+ 68. Re4 Ra3 69. Re3 Ra4+ 70. Re4 Ra1 71. h5 Rf1+ 72. Kg5 Kd5 73. Rf4 Rb1 74. Rf5+ Ke6 75. Rf6+ Ke7 76. h6 Rb5+ 77. Kg6 Rb4 78. g5 Rb8 79. Rf7+ Ke6 80. h7 Ra8 81. Kg7 Rb8 82. g6 Ra8 83. h8Q Rxh8 84. Kxh8 1-0